Welcome to CU Library Online Public Access Catalogue (OPAC)

Essentials of Pharmacotherapeutics/ (Record no. 4247)

MARC details
000 -LEADER
fixed length control field 00426nam a22001457a 4500
005 - DATE AND TIME OF LATEST TRANSACTION
control field 20250223203635.0
008 - FIXED-LENGTH DATA ELEMENTS--GENERAL INFORMATION
fixed length control field 250223b |||||||| |||| 00| 0 eng d
020 ## - INTERNATIONAL STANDARD BOOK NUMBER
International Standard Book Number 9788121904445
050 ## - LIBRARY OF CONGRESS CALL NUMBER
Classification number RM262
Item number .M373
100 ## - MAIN ENTRY--PERSONAL NAME
Personal name Barar, F. S. K.
245 ## - TITLE STATEMENT
Title Essentials of Pharmacotherapeutics/
Statement of responsibility, etc. F. S. K. Barar
260 ## - PUBLICATION, DISTRIBUTION, ETC.
Place of publication, distribution, etc. Ram Nagar, New Delhi
Name of publisher, distributor, etc. S. Chand & Company
Date of publication, distribution, etc. 1985
300 ## - PHYSICAL DESCRIPTION
Extent xvii. 609p.
Other physical details ill.
Dimensions 27.5cm
942 ## - ADDED ENTRY ELEMENTS (KOHA)
Source of classification or shelving scheme Library of Congress Classification
Koha item type Books
Suppress in OPAC No
999 ## -
-- 4247
-- 4247
Holdings
Withdrawn status Lost status Source of classification or shelving scheme Damaged status Not for loan Collection Home library Current library Shelving location Date acquired Total checkouts Full call number Barcode Date last seen Copy number Price effective from Koha item type
    Library of Congress Classification     Non-fiction Science Library (Miotso) Science Library (Miotso) General stacks 02/23/2025   RM262 .M373 BAR SLM00003972 02/23/2025 1 02/23/2025 Books
    Library of Congress Classification     Non-fiction Science Library (Miotso) Science Library (Miotso) General stacks 02/23/2025   RM262 .M373 BAR SLM00003973 02/23/2025 2 02/23/2025 Books
    Library of Congress Classification     Non-fiction Science Library (Miotso) Science Library (Miotso) General stacks 02/23/2025   RM262 .M373 BAR SLM00003974 02/23/2025 3 02/23/2025 Books
    Library of Congress Classification     Non-fiction Science Library (Miotso) Science Library (Miotso) General stacks 02/23/2025   RM262 .M373 BAR SLM00003975 02/23/2025 4 02/23/2025 Books
© 2023-2024 Copyright: Central University Libraries. All Rights Reserved | Created by: Mahone Tech Office